书目信息 |
| 题名: |
马克思恩格斯全集
|
|
| 作者: | ;中共中央马恩列斯著作编译局 编译 | |
| 分册: | 第一卷 | |
| 出版信息: | 北京 人民出版社 1956.12 |
|
| 页数: | 767页 | |
| 开本: | 21cm | |
| 丛书名: | ||
| 单 册: | ||
| 中图分类: | A1 | |
| 科图分类: | ||
| 主题词: | 马恩著作 | |
| 电子资源: | ||
| ISBN: | ||
| 000 | 00612nam0 2200193 45 | |
| 001 | 0181023384 | |
| 005 | 20060812151355.14 | |
| 010 | @dCNY2.00@b精装 | |
| 091 | @a1001.329 | |
| 100 | @a20810111d km y0chiy0120 ea | |
| 101 | 0 | @achi |
| 200 | 1 | @a马克思恩格斯全集@AMa Ke Si En Ge Si Quan Ji@h第一卷@f中共中央马恩列斯著作编译局编译@FZhong Gong Zhong Yang Ma En Lie Si Zhu Zuo Bian Yi Ju Bian Yi |
| 210 | @a北京@c人民出版社@d1956.12 | |
| 215 | @a767页@c肖像@d21cm | |
| 606 | 0 | @a马恩著作 |
| 690 | @aA1@v3 | |
| 711 | 02 | @a中共中央马恩列斯著作编译局@4编译 |
| 801 | @aCN@bTSTC@c20060812 | |
| 905 | @dA1@e2:1@f1@b122380 | |
| 马克思恩格斯全集.第一卷/中共中央马恩列斯著作编译局编译.-北京:人民出版社,1956.12 |
| 767页:肖像;21cm |
| ISBN (精装):CNY2.00 |
| ● |
| 相关链接 |
|
|
|
|
正题名:马克思恩格斯全集
索取号:A1/2:1
 
预约/预借
| 序号 | 登录号 | 条形码 | 馆藏地/架位号 | 状态 | 备注 |
| 1 | 0029628 | 000000153 | 第一借阅区/ [索取号:A1/2:1] | 在馆 | |
| 2 | 0122380 | 002044816 | 第一样本阅览室/ [索取号:A1/2:1] | 在馆 | |
| 3 | 0449134 | 204491344 | 密集书库/ [索取号:A1/2:1] | 在馆 |